| 000 | 01289nam a2200301 a 4500 | ||
|---|---|---|---|
| 001 | BRCA_2852 | ||
| 005 | 20190320204011.0 | ||
| 008 | 101208s1824----gw-a---###---#000-0dger-u | ||
| 041 | _ager | ||
| 044 | _agw | ||
| 084 |
_a273 _b.E26 _c1824 |
||
| 100 | 1 |
_aCervantes Saavedra, Miguel de _d1547-1616 _9213 |
|
| 245 | 1 | 0 |
_aLeben und Thaten des Edeln und Tapfern Ritters Don Quixote von la Mancha _cvon Miguel Cervantes. |
| 260 |
_aUlm (Alemania) _bJ. Ebner _c1824 |
||
| 300 |
_a382 p. _bil. _c18 cm. |
||
| 500 | _aContenido : Advertencia de la traductora. Breve noticia sobre la vida de Cervantes. Texto compendiado de ambas partes basado en la traducción de Tieck | ||
| 500 | _aEdición : Zur Unterhaltung und Belustigung der Jugend neu Bearbeitet von Luis Höller mit Kupfern | ||
| 500 | _aVersión abreviada destinada a la juventud, basada en la traducción de Tieck Lúdovik Osterc | ||
| 500 | _aQM507A | ||
| 546 | _aTexto en : alemán | ||
| 650 | 1 | 4 |
_aNovela española _yÉpoca clásica, 1500-1700 _9215 |
| 650 | 1 | 4 |
_aLiteratura española _yÉpoca clásica, 1500-1700 _9216 |
| 650 | 1 | 4 |
_aNovela española _ySiglo XVII _9217 |
| 650 | 1 | 4 |
_aDon Quijote (Personaje ficticio) _eNovela _9218 |
| 740 | 0 | _aEl Ingenioso Hidalgo Don Quijote de la Mancha | |
| 902 | _aQFM | ||
| 942 |
_2lcc _cB |
||
| 999 |
_c2591 _d2591 |
||